| 000 | 00933cam a2200301 a 4500 | ||
|---|---|---|---|
| 999 |
_c3167 _d3167 |
||
| 003 | OSt | ||
| 005 | 20210826095647.0 | ||
| 008 | 840608s1985 mdua b 001 0 eng | ||
| 020 | _a0683077414 | ||
| 040 | _cALUPE UNIVERSITY | ||
| 050 | 0 | 0 |
_aR726.5 _b.U5 1985 |
| 060 | _aWM 100 U51 | ||
| 245 | 0 | 0 |
_aUnderstanding human behavior in health and illness / _cedited by Richard C. Simons. |
| 250 | _a3rd ed. | ||
| 260 |
_aBaltimore : _bWilliams & Wilkins, _cc1985. |
||
| 300 |
_axxiii, 822 p. : _bill. ; _c27 cm. |
||
| 504 | _aIncludes bibliographies and indexes. | ||
| 650 | 0 | _aMedicine and psychology. | |
| 650 | 0 | _aDevelopmental psychology. | |
| 650 | 0 | _aPsychology, Pathological. | |
| 650 | 0 | _aHuman behavior. | |
| 650 | 2 | _aBehavior. | |
| 650 | 2 | _aPsychology, Applied. | |
| 650 | 2 | _aPsychopathology. | |
| 700 | 1 |
_aSimons, Richard C., _d1933- |
|
| 906 |
_a7 _bcbc _corignew _d1 _eocip _f19 _gy-gencatlg |
||
| 942 |
_2lcc _cBK _nJO |
||